| 000 | 01570cam a22003011i 4500 | ||
|---|---|---|---|
| 003 | SA-RiAUC | ||
| 005 | 20241007143915.0 | ||
| 008 | 240929s1987 su g b 000r0 ara c | ||
| 040 |
_aSA-RiSU _bara _cSA-RiAUC _erda |
||
| 043 | _aa-su--- | ||
| 082 | 0 | 4 |
_a953.121 _qSA-RiAUC |
| 090 |
_a953.121 _bف ا ك |
||
| 100 | 1 |
_aالفاكهي، محمد بن إسحاق بن العباس، _dتوفي بعد 272 هجري _eمؤلف. |
|
| 245 | 1 | 0 |
_aأخبار مكة في قديم الدهر وحديثه / _cتصنيف أبي عبد الله محمد بن إسحاق بن العباس الفاكهي المكي ؛ دراسة وتحقيق عبد الملك بن عبد الله بن دهيش. |
| 250 | _aالطبعة الأولى. | ||
| 264 | 1 |
_aمكة المكرمة : _bمكتبة ومطبعة النهضة الحديثة، _c1986 |
|
| 300 |
_aمجلدات ؛ _c25 × 17 سم |
||
| 336 |
_aنص _btxt _2rdacontent _3كتاب |
||
| 337 |
_aبدون وسيط _bn _2rdamedia |
||
| 338 |
_aمجلد _bnc _2rdacarrier |
||
| 500 | _aالمكتبة يتوافر بها : مجلد 4. | ||
| 504 | _aيشتمل على إرجاعات ببليوجرافية. | ||
| 651 | 7 |
_aمكة المكرمة _xتاريخ _2aucsh |
|
| 700 | 1 | 2 |
_iتحقيق لـ (عمل) : _aالفاكهي، محمد بن إسحاق بن العباس، _dتوفي بعد 272 هجري. _tأخبار مكة في قديم الدهر وحديثه. |
| 700 | 1 |
_aابن دهيش، عبد الملك بن عبد الله، _d1360 هجري- _eمحقق. |
|
| 942 |
_2ddc _cBOOK _n0 |
||
| 949 |
_aSA-JeALM _d240929 _umohamedma123 _n1 |
||
| 999 |
_c654 _d654 |
||